00699naa a2200157 a 450000100080000000500110000800800410001910000140006024500600007426000090013452002760014365300150041965300150043465300160044977300760046510150282017-08-01 1989 bl uuuu u00u1 u #d1 aBROSE, E. aInoculacao de leguminosasbpratica simples de realizar. c1989 aRessalta-se a import??ncia da caracter??stica das leguminosas como fonte de prote??na na alimenta????o humana e animal e pela capacidade de fixa????o de nitrog??nio. Aborda os aspectos referentes a realiza????o da inocula????o e peletiza????o das sementes de leguminosas. aInoculacao aLeguminosa aPeletizacao tAgropecuaria Catarinense, Florianopolisgv.2, n.3, p.42-45, set., 1989.